[Event "Vilnius School Rating"]
[Site "Vilnius"]
[Date "2014.03.18"]
[Round "9.5"]
[White "Zukauskas, Petras"]
[Black "Stankevic, Robertas"]
[Result "1-0"]
[WhiteElo "1820"]
[BlackElo "1865"]
[PlyCount "105"]
[EventDate "2014.01.14"]
[EventType "tourn"]
[EventRounds "10"]
[EventCountry "LTU"]
[SourceTitle "EXT 2024"]
[Source "ChessBase"]
[SourceDate "2023.10.10"]
[SourceVersion "1"]
[SourceVersionDate "2023.10.10"]
[SourceQuality "1"]

1. d4 f5 2. c4 Nf6 3. Nc3 d6 4. g3 Nbd7 5. Bg2 e5 6. dxe5 dxe5 7. e4 Bc5 8. exf5 0-0 9. Be3 Qe7 10. Nd5 Bb4+ 11. Bd2 Nxd5 12. Bxd5+ Kh8 13. Bxb4 Qxb4+ 14. Qd2 Qxd2+ 15. Kxd2 Rxf5 16. f3 c6 17. Be4 Rf6 18. Ke3 Nc5 19. Bc2 Be6 20. b3 Raf8 21. h4 b5 22. cxb5 cxb5 23. Rh2 Bd5 24. Bd1 Ne6 25. Rf2 Nd4 26. g4 Rc6 27. a4 b4 28. Rd2 Bxb3 29. a5 Bd5 30. Ra4 b3 31. Rb2 Rfc8 32. Ne2 Bxf3 33. Rxd4 Bxe2 34. Rd7 Bxd1 35. Rxd1 Rc3+ 36. Rd3 g6 37. Rxb3 Rxb3 38. Rxb3 Rc7 39. a6 Kg7 40. Rb7 Rf7 41. Ke4 Kf6 42. Kd5 e4 43. Kxe4 Re7+ 44. Kd4 Re1 45. Rxa7 Rd1+ 46. Kc5 h5 47. gxh5 gxh5 48. Rh7 Ra1 49. Kb6 Kg6 50. Rc7 Kf5 51. Rc4 Rb1+ 52. Ka5 Kg6 53. a7 1-0

[Event "Vilnius School Rating"]
[Site "Vilnius"]
[Date "2014.01.14"]
[Round "1.2"]
[White "Stankevic, Robertas"]
[Black "Salna, Aleksandras"]
[Result "0-1"]
[WhiteElo "1865"]
[BlackElo "1679"]
[PlyCount "86"]
[EventDate "2014.01.14"]
[EventType "tourn"]
[EventRounds "10"]
[EventCountry "LTU"]
[SourceTitle "EXT 2024"]
[Source "ChessBase"]
[SourceDate "2023.10.10"]
[SourceVersion "1"]
[SourceVersionDate "2023.10.10"]
[SourceQuality "1"]

1. e4 e6 2. d4 d5 3. Nc3 Bb4 4. a3 Bxc3+ 5. bxc3 dxe4 6. Qg4 Nf6 7. Qxg7 Rg8 8. Qh6 c5 9. Be3 Rg6 10. Qh4 Qa5 11. Bd2 Qb6 12. f3 cxd4 13. cxd4 Qxd4 14. Rd1 Qc5 15. fxe4 Nbd7 16. Bd3 Rxg2 17. Ne2 Rg4 18. Qh3 Nxe4 19. Be3 Qa5+ 20. Bd2 Nxd2 21. Qxg4 Nc4+ 22. Kf2 Qc5+ 23. Qd4 Qxd4+ 24. Nxd4 Nde5 25. Bxh7 f5 26. Rhg1 Ng4+ 27. Ke2 Nxa3 28. Bg8 Ke7 29. Ra1 e5 30. Rxa3 exd4 31. Bd5 Ne3 32. Bf3 Nxc2 33. Rb3 a5 34. Bxb7 a4 35. Rb6 Bxb7 36. Rg7+ Kf8 37. Rbxb7 a3 38. Rh7 Kg8 39. Rbg7+ Kf8 40. h4 a2 41. Rc7 d3+ 42. Kxd3 a1Q 43. Rcf7+ Kg8 0-1

[Event "Vilnius School Rating"]
[Site "Vilnius"]
[Date "2011.05.26"]
[Round "10.3"]
[White "Stankevic, Robertas"]
[Black "Eigminas, Kipras"]
[Result "1-0"]
[WhiteElo "1932"]
[BlackElo "1549"]
[PlyCount "55"]
[EventDate "2011.04.23"]
[EventType "tourn"]
[EventRounds "10"]
[EventCountry "LTU"]
[SourceTitle "EXT 2024"]
[Source "ChessBase"]
[SourceDate "2023.10.10"]
[SourceVersion "1"]
[SourceVersionDate "2023.10.10"]
[SourceQuality "1"]

1. e4 c5 2. Nf3 e6 3. d4 cxd4 4. Nxd4 Nf6 5. Bd3 Nc6 6. Nb3 Be7 7. Nc3 b6 8. Bf4 d5 9. Bb5 Bb7 10. Nd4 Rc8 11. Nxc6 Bxc6 12. Ba6 Ra8 13. Nb5 0-0 14. e5 Ne8 15. Qg4 g6 16. Bh6 Ng7 17. h4 Re8 18. h5 Bf8 19. hxg6 fxg6 20. 0-0-0 Nf5 21. Bg5 Be7 22. Bf4 Bc5 23. Qh3 h5 24. g4 Ng7 25. gxh5 Nxh5 26. Rdg1 Qd7 27. Rxg6+ Ng7 28. Qh8+ 1-0

[Event "Vilnius School Rating"]
[Site "Vilnius"]
[Date "2011.04.23"]
[Round "2.4"]
[White "Dzenkauskas, Jurgis"]
[Black "Stankevic, Robertas"]
[Result "1-0"]
[WhiteElo "1878"]
[BlackElo "1932"]
[PlyCount "111"]
[EventDate "2011.04.23"]
[EventType "tourn"]
[EventRounds "10"]
[EventCountry "LTU"]
[SourceTitle "EXT 2024"]
[Source "ChessBase"]
[SourceDate "2023.10.10"]
[SourceVersion "1"]
[SourceVersionDate "2023.10.10"]
[SourceQuality "1"]

1. d4 Nf6 2. c4 b6 3. Nc3 Bb7 4. f3 e6 5. Bg5 d5 6. e4 Be7 7. cxd5 Nxe4 8. Bxe7 Nxc3 9. Bxd8 Nxd1 10. Bg5 Bxd5 11. Kxd1 0-0 12. Rc1 c5 13. dxc5 f6 14. Bd2 bxc5 15. Bc4 Nd7 16. Ne2 Ne5 17. Bxd5 exd5 18. Rf1 Nd3 19. Rc2 Rab8 20. b3 c4 21. bxc4 Rb1+ 22. Bc1 dxc4 23. Nc3 Ra1 24. Kd2 Rd8 25. Ke3 Re8+ 26. Kd4 Ne1 27. Re2 Rd8+ 28. Ke4 f5+ 29. Kxf5 Rxc1 30. Rfxe1 Rxc3 31. Re7 Rc2 32. g3 Rxa2 33. Rc7 Ra3 34. f4 c3 35. Ree7 Ra5+ 36. Ke6 Ra6+ 37. Ke5 Ra5+ 38. Ke4 Ra4+ 39. Kf5 Rd5+ 40. Ke6 Rd8 41. Rxg7+ Kh8 42. Rxh7+ Kg8 43. Rxa7 Rc4 44. Rac7 Rcd4 45. Rhg7+ Kh8 46. Kf6 R4d6+ 47. Kg5 Rd5+ 48. Kh4 c2 49. Rg5 Rxg5 50. Kxg5 Rd2 51. h4 Rd5+ 52. f5 Rd2 53. g4 Re2 54. h5 Rd2 55. f6 Rd5+ 56. Kg6 1-0

[Event "LTU-ch U20"]
[Site "Vilnius"]
[Date "2008.02.01"]
[Round "8"]
[White "Stankevic, Robertas"]
[Black "Vaicekauskas, Gytis"]
[Result "1/2-1/2"]
[WhiteElo "1938"]
[BlackElo "1779"]
[PlyCount "98"]
[EventDate "2008.01.28"]
[EventType "swiss"]
[EventRounds "9"]
[EventCountry "LTU"]
[SourceTitle "CBM 122 Extra"]
[Source "ChessBase"]
[SourceDate "2008.03.04"]
[SourceVersion "1"]
[SourceVersionDate "2008.03.04"]
[SourceQuality "1"]

1. e4 e5 2. Nf3 Nc6 3. Bc4 Nf6 4. d4 exd4 5. 0-0 d6 6. Nxd4 Ne5 7. Bb3 Be7 8. Nc3 0-0 9. h3 c5 10. Nf3 c4 11. Nxe5 cxb3 12. Nf3 bxc2 13. Qxc2 Qa5 14. Bf4 Be6 15. b4 Qh5 16. Ng5 Rac8 17. Qd2 d5 18. Nxd5 Nxd5 19. exd5 Rfd8 20. d6 Qg6 21. Rac1 Bxg5 22. Bxg5 f6 23. Rxc8 Bxc8 24. Qd5+ Qf7 25. Qxf7+ Kxf7 26. Bf4 Be6 27. a3 Ke8 28. Rc1 Rc8 29. Rc7 Rxc7 30. dxc7 Kd7 31. f3 Kc6 32. Kf2 Kb5 33. Ke3 Kc6 34. Kd4 Kb5 35. g4 Kc6 36. a4 a6 37. Bg3 b6 38. f4 f5 39. Ke5 Bd7 40. gxf5 Kxc7 41. a5 bxa5 42. bxa5 Kd8 43. Bh4+ Ke8 44. Bg5 Kf7 45. Bd8 Ba4 46. h4 Bb5 47. f6 gxf6+ 48. Bxf6 h5 49. Kf5 Bf1 1/2-1/2